| 000 | 02823nam0a22005291 4500 | ||
|---|---|---|---|
| 001 | rc\3001881 | ||
| 005 | 20250805160813.4 | ||
| 035 | _a(NLR Aleph) 007144973 | ||
| 090 |
_a7093377 _c7093377 |
||
| 100 | _a20110920d1945 |||y0rusy50 ca | ||
| 101 | 0 | _arus | |
| 102 | _aRU | ||
| 105 | _ay z ||||| | ||
| 200 | 1 |
_aДонские былины _e[Сборник] _fА. Листопадов _g[Вступ. статья: проф. Г.П. Сердюченко "О донских былинах", с. 3-9] |
|
| 210 |
_aРостов н/Д _cРостиздат _d1945 _gтип. им. Калинина |
||
| 215 |
_a91 с. _d20 см |
||
| 300 | _aНа обл.: А.М. Листопадов | ||
| 320 | _aБиблиогр.: "Лит-ра о донских былинах", с. 9 | ||
| 327 | 1 | _aРазделы: Илья Муромец; Добрыня Никитич (Дончак); Алеша Попович; Тугарин Змей; Тугарин Змей; Дюк Степанович; Иван Гардинович; Старой старик (Ставр); Софеюшка Премудрая; Садко; Василий Буслаев; Севрюк; Александр Македонский; Аннушка, дочь княжелецкая; Гречин; Богатырь-девица; Девять братьев-разбойников; Эпические песни о зверях и птицах | |
| 464 | 0 | _12001#$aИлья Муромец | |
| 464 | 0 | _12001#$aДобрыня Никитич (Дончак) | |
| 464 | 0 | _12001#$aАлеша Попович | |
| 464 | 0 | _12001#$aТугарин Змей | |
| 464 | 0 | _12001#$aДюк Степанович | |
| 464 | 0 | _12001#$aИван Гардинович | |
| 464 | 0 | _12001#$aСтарой старик (Ставр) | |
| 464 | 0 | _12001#$aСофеюшка Премудрая | |
| 464 | 0 | _12001#$aСадко | |
| 464 | 0 | _12001#$aВасилий Буслаев | |
| 464 | 0 | _12001#$aСеврюк | |
| 464 | 0 | _12001#$aАлександр Македонский | |
| 464 | 0 | _12001#$aАннушка, дочь княжелецкая | |
| 464 | 0 | _12001#$aГречин | |
| 464 | 0 | _12001#$aБогатырь-девица | |
| 464 | 0 | _12001#$aДевять братьев-разбойников | |
| 464 | 0 | _12001#$aЭпические песни о зверях и птицах | |
| 464 | 0 |
_12001#$aО донских былинах _1700#1$aСердюченко$bГ.П.$4070 |
|
| 700 | 1 |
_aЛистопадов _bА. М. _f1873-1949 _gАлександр Михайлович |
|
| 702 | 1 |
_aСердюченко _bГ. П. _4080 |
|
| 801 | 0 |
_aRU _bNLR _gpsbo |
|
| 801 | 1 |
_aRU _bELAR _2rusmarc |
|
| 852 |
_aNLR _jЛ20 Г-4/93 |
||
| 942 | _cBOOK | ||
| 945 | _aРоссийская национальная библиотека | ||
| 980 | _aNB | ||
| 980 | _aBV | ||